000 00835nam1a22002891i 4500
001 v19\rc\1588842
005 20240723115745.0
035 _a(NLR Aleph) 004836378
090 _a4775620
_c4775620
100 _a20061002g18941897|||y0rusy50 ca
101 0 _arus
102 _aRU
105 _ay z |||||
200 1 _aСто великий людей
_eКн. 1-
210 _aСанкт-Петербург
_cА.С. Суворин
_dценз. 1894-ценз. 1897-1897
215 _d15
225 1 _aДешевая библиотека
801 0 _aRU
_bNLR
_gpsbo
801 0 _aRU
_bRuMoRGB
_2psbo
801 1 _aRU
_bProSoft-M
_2rusmarc
852 _aNLR
_jШифры разные
899 _aRuMoRGB
_jT 100/4
899 _aБАН
899 _aНБ СПбГУ (1-6)
899 _aГПИБ (1-8)
899 _aНБ МГУ
942 _cBOOK